The End of the Free Market: Who Wins the War Between States and Corporations? (Record no. 612864)

MARC details
000 -LEADER
fixed length control field 00495nam a2200169 a 4500
008 - FIXED-LENGTH DATA ELEMENTS--GENERAL INFORMATION
fixed length control field 260217s2026##################000#0#eng##
020 ## - INTERNATIONAL STANDARD BOOK NUMBER
ISBN 9781591843016
Paper back/Hardbound hbk
082 04 - DEWEY DECIMAL CLASSIFICATION NUMBER
Classification number 330.122 DRE
100 ## - MAIN ENTRY--AUTHOR NAME
Personal name Bremmer, Ian
245 10 - TITLE STATEMENT
Title The End of the Free Market: Who Wins the War Between States and Corporations?
Statement of responsibility, etc /Ian Bremmer
250 ## - EDITION STATEMENT
Edition statement 1st ed.
260 ## - PUBLICATION, DISTRIBUTION, ETC. (IMPRINT)
Place of publication New York:
Name of publisher Portfolio,
Year of publication 2010.
300 ## - PHYSICAL DESCRIPTION
Number of Pages 230p.
Dimensions ;23cm.
650 ## - SUBJECT ADDED ENTRY--TOPICAL TERM
Topical Term Economic theory
942 ## - ADDED ENTRY ELEMENTS (KOHA)
Koha item type English Books
Holdings
Withdrawn status Lost status Damaged status Not for loan Home library Current library Shelving location Date acquired Full call number Accession Number Price effective from Koha item type
        Anna Centenary Library Anna Centenary Library 4TH FLOOR, A WING 17.02.2026 330.122 DRE 381766 17.02.2026 English Books

Find us on the map